000 00658nam a2200229Ia 4500
003 OSt
005 20221007074209.0
006 a|||||r|||| 00| 0
007 ta
008 221006b |||||||| |||| 00| 0 eng d
024 _a46,164
037 _cTextual
040 _aFLL
_cFLL
_beng
041 _2eng
_aeng
082 _aY:4(S5:55), Q8
100 _aHEGARTY Peter Au.
_933912
245 0 _aRecent history of lesbian and gay psychology
_b from homophobia to lgbt
260 _aMilton
_bPark Routledge UK
_c2018
300 _a129p. vii
_ccm.
942 _hY:4(S5:55), Q8
_cTEXL
_2CC
999 _c1151508
_d1151508